| 000 | 00425nam a22001697a 4500 | ||
|---|---|---|---|
| 999 |
_c525941 _d525941 |
||
| 003 | NUST | ||
| 020 | _qH/B | ||
| 038 | _awaseem | ||
| 082 |
_a891.421 _bANI |
||
| 100 |
_aAniq, Anwar _916892 |
||
| 245 |
_aAag Chinar De / _cAnwar Aniq |
||
| 260 |
_aFaisalabad : _bMisaal Publishers, _c2006. |
||
| 300 | _a116 p. ; | ||
| 880 |
_6100-01\r _aانور انیق |
||
| 880 |
_6245-02\r _aاگ چناراں دی / |
||
| 942 |
_2ddc _cBK |
||